00305nam a2200133Ia 4500008004000000041000800040082001700048100002300065245001700088260003700105300000800142650001100150650001000161210210b2008 xxu||||| |||| 00| 0 eng d aeng a891.468 RODK aRODRIGAS (Fransis) aKhube mutlim aManglurubRakno Prakashan.c2008 a240 amutlim aKhube